000 00492nam a2200193Ia 4500
008 240509s9999 xx 000 0 und d
020 _a0008170294479
041 _aEng
082 _a005.117
082 _bP16
100 _aPARSONS, D.
245 0 _aOBJECT ORIENTED PROGRAMMING WITH C++ (compatible with Turbo C++ and Borland C++)
260 _bNEWDELHI : BPB
260 _c1995
300 _a319 p.
650 _aC++ : OBJECT ORIENTED PROGRAMMING
942 _2ddc
942 _cLBK
999 _c22237
_d22237
945 _a1
_bMadushi Gamage
_c1
_dMadushi Gamage